| 000 | 01130cam a22003014a 4500 | ||
|---|---|---|---|
| 999 |
_c22380 _d22380 |
||
| 001 | 13613753 | ||
| 005 | 20170124090125.0 | ||
| 008 | 040604s2003 wiua bc 001 0 eng | ||
| 010 | _a 2004273155 | ||
| 020 | _a0873495861 | ||
| 042 | _apcc | ||
| 043 |
_ae-sp--- _an-us--- |
||
| 050 | 0 | 0 | _aNK4210.L39A4 2003 |
| 100 | 1 | _aWhiteneck, Peggy. | |
| 245 | 1 | 0 |
_aCollecting Lladró : _bidentification & price guide / _cPeggy Whiteneck. |
| 246 | 3 | 0 | _aLladró |
| 250 | _a2nd ed. | ||
| 260 |
_aIola, WI : _bKrause Publications, _cc2003. |
||
| 300 |
_a256 p. : _bcol. ill. ; _c28 cm. |
||
| 504 | _aIncludes bibliographical references (p. 240) and index. | ||
| 610 | 2 | 0 |
_aLladró, S.A. _vCatalogs. |
| 650 | 0 |
_aLladró figurines _xCollectors and collecting _zUnited States _vCatalogs. |
|
| 942 |
_2lcc _cBOOKS _hNK4210.L39A4 2003 |
||